5 Scenes, 1 Actor Quiz Stats

 Plays Quiz Updated Apr 19, 2016

Challenge
Share
Tweet
Score 0/22 Timer 07:00
1 Play Today
% Correct
Johnny Depp
96.6%
Cameron Diaz
91.6%
Bill Murray
91%
Tom Cruise
90.1%
Morgan Freeman
89%
Will Smith
88.1%
Jennifer Lawrence
87.7%
Sandra Bullock
85.3%
Tom Hanks
83.7%
Natalie Portman
82.8%
Jim Carrey
82.8%
% Correct
Jack Nicholson
72%
Ryan Reynolds
71.3%
Robert Downey Jr.
67.5%
Arnold Schwarzenegger
65.3%
Jamie Foxx
63.1%
Chris Pratt
60.6%
Amy Adams
59.2%
Cate Blanchett
56.1%
Charlize Theron
52%
Gary Oldman
47.7%
James Stewart
43.7%

You're not logged in!

Compare scores with friends on all Sporcle quizzes.
OR
Log In

You Might Also Like...

Show Comments

Extras

Top Quizzes Today


Score Distribution

Your Account Isn't Verified!

In order to create a playlist on Sporcle, you need to verify the email address you used during registration. Go to your Sporcle Settings to finish the process.

Report this User

Report this user for behavior that violates our Community Guidelines.

Details: